000 00471pab a2200181 454500
008 180718b1995 xxu||||| |||| 00| 0 eng d
100 _aKakkar, K.C.
245 _aAssessing trainability
_ban approach
260 _c1995
300 _ap.17-30
362 _aOct-Dec
650 _aOrganization
650 _aManagement - Training of
650 _aTraining
650 _aManagement education
773 _a]Indian Journal of Training and Development
909 _a30394
999 _c30394
_d30394